000 01068cam a2200337I 4500
001 40455
005 20230410103629.0
008 910520s1935 fr cf a 000 0 fre d
035 _a(OCoLC)ocm23808267
040 _aFUG
_cFUG
_dOCL
035 _a(OCoLC)23808267
043 _anwmq---
_anwgp---
_anwht---
050 1 4 _a200 F 2151
_bO93a 1935
092 _a917.29
049 _aGRAL
100 1 _aOulie, Marthe,
_d1901-1941.
245 1 4 _aLes Antilles :
_bfilles de France : Martinique, Guadeloupe, Haiti /
_cMarthe Oulie.
260 _aParis,
_bFasquelle
_c[1935]
300 _a[11]-308 p., incl. plates.
_bfront., port.
_c20 cm.
490 0 _aCollection Voyageuses de lettres
651 0 _aWest Indies, French
_xHistory.
651 0 _aWest Indies
_xHistory.
651 0 _aMartinique
_xDescription and travel.
651 0 _aGuadeloupe
_xDescription and travel.
651 0 _aHaiti
_xDescription and travel.
650 4 _aCEH
650 4 _aColección Estudios Haitianos
776 1 _cOriginal
_w(DLC) 36003792
942 _2lcc
_cbk
994 _aC0
_bDRFGD
999 _c22779
_d22779